| 000 | 01103nam a2200205 4500 | ||
|---|---|---|---|
| 001 | 133128 | ||
| 003 | ES-MaACL | ||
| 005 | 20250830101935.0 | ||
| 007 | t| | ||
| 008 | 070214s1911 xxu r ||||1| eng d | ||
| 100 | 1 |
_aRubinow, Isaac Max. _9100331 |
|
| 245 | 1 | 0 |
_aStudies in workmen's insurance _b: Italy, Russia, Spain / _cby I. M. Rubinow. |
| 260 |
_aNew York : _bColumbia University, _c1911. |
||
| 300 |
_a1697-2376 p. ; _c24 cm. |
||
| 500 | _aTesis doctoral ------ En port.: A dissertation submitted in partial fulfillment of the requirements for the degree of Doctor of Philosophy in the Faculty of Political Science, Columbia University ------ List of the author's publications: [4] p. ----- `The studies offered herewith represent the author's contribution to the Twenty-fourth annual report of the United States Commissioner of Labor on `Workmen's insurance and compensation systems in Europe.`. | ||
| 710 | 1 |
_aEstados Unidos. _bCommissioner of Labor _94020 |
|
| 710 | 2 |
_aColumbia University. _bFaculty of Political Science. _93003 |
|
| 852 |
_aES-MaACL _jF-825 |
||
| 999 |
_c133128 _d133128 |
||